| 000 | 004270000a22001690004500 | ||
|---|---|---|---|
| 003 | MACL | ||
| 005 | 20160120112359.0 | ||
| 008 | 160120b xxu||||| |||| 00| 0 eng d | ||
| 040 |
_aMACL _cMACL |
||
| 041 | _aEnglish | ||
| 082 | _a150/BAD | ||
| 100 |
_aBadcock, Christopher _933424 |
||
| 245 | _aPsychoDarwinism | ||
| 260 |
_bHarperCollins Publishers _c1994 _aLondon |
||
| 650 |
_aPsychology _933425 |
||
| 942 |
_cBK _k150/BAD _2ddc |
||
| 999 |
_c32649 _d32649 |
||